"Autarchy" in Clement of Alexandria : (Record no. 8228)
[ view plain ]
| 000 -LEADER | |
|---|---|
| fixed length control field | 01602cam a2200445 i 4500 |
| 001 - CONTROL NUMBER | |
| control field | 20558658 |
| 003 - CONTROL NUMBER IDENTIFIER | |
| control field | OSt |
| 005 - DATE AND TIME OF LATEST TRANSACTION | |
| control field | 20190923130713.0 |
| 008 - FIXED-LENGTH DATA ELEMENTS--GENERAL INFORMATION | |
| fixed length control field | 180111s2018 ii b 000 0deng d |
| 010 ## - LIBRARY OF CONGRESS CONTROL NUMBER | |
| LC control number | 2017354368 |
| 020 ## - INTERNATIONAL STANDARD BOOK NUMBER | |
| International Standard Book Number | 9789351482758 |
| Qualifying information | (HB) |
| 020 ## - INTERNATIONAL STANDARD BOOK NUMBER | |
| International Standard Book Number | 9351482758 |
| Qualifying information | (HB) |
| 020 ## - INTERNATIONAL STANDARD BOOK NUMBER | |
| International Standard Book Number | 9789351482765 |
| Qualifying information | (PB) |
| 020 ## - INTERNATIONAL STANDARD BOOK NUMBER | |
| International Standard Book Number | 9351482766 |
| 025 ## - OVERSEAS ACQUISITION NUMBER | |
| Overseas acquisition number | I-E-2017354368 ; 05 ; 13-90 |
| 035 ## - SYSTEM CONTROL NUMBER | |
| System control number | (OCoLC)on1039471198 |
| 035 ## - SYSTEM CONTROL NUMBER | |
| System control number | (OCoLC)1039471198 |
| 037 ## - SOURCE OF ACQUISITION | |
| Source of stock number/acquisition | Library of Congress -- New Delhi Overseas Office |
| 040 ## - CATALOGING SOURCE | |
| Original cataloging agency | DKAGE |
| Language of cataloging | eng |
| Description conventions | rda |
| Transcribing agency | DKAGE |
| Modifying agency | OCLCO |
| -- | DLC |
| 042 ## - AUTHENTICATION CODE | |
| Authentication code | lccopycat |
| -- | lcode |
| 043 ## - GEOGRAPHIC AREA CODE | |
| Geographic area code | a-ii--- |
| 050 00 - LIBRARY OF CONGRESS CALL NUMBER | |
| Classification number | BR115.E3 |
| Item number | J54 2018 |
| 082 04 - DEWEY DECIMAL CLASSIFICATION NUMBER | |
| Classification number | 261.85 |
| Edition number | 23 |
| Item number | J65A |
| 100 1# - MAIN ENTRY--PERSONAL NAME | |
| Personal name | John, Anish, |
| Dates associated with a name | 1984- |
| Relator term | author. |
| 245 10 - TITLE STATEMENT | |
| Title | "Autarchy" in Clement of Alexandria : |
| Remainder of title | socio-economic and ecological crisis re-examined in Indian context / |
| Statement of responsibility, etc. | Anish John. |
| 264 #1 - PRODUCTION, PUBLICATION, DISTRIBUTION, MANUFACTURE, AND COPYRIGHT NOTICE | |
| Place of production, publication, distribution, manufacture | New Delhi : |
| Name of producer, publisher, distributor, manufacturer | Christian World Imprints, |
| Date of production, publication, distribution, manufacture, or copyright notice | 2018. |
| 300 ## - PHYSICAL DESCRIPTION | |
| Extent | xx, 110 pages ; |
| Dimensions | 22 cm. |
| 336 ## - CONTENT TYPE | |
| Content type term | text |
| Content type code | txt |
| Source | rdacontent |
| 337 ## - MEDIA TYPE | |
| Media type term | unmediated |
| Media type code | n |
| Source | rdamedia |
| 338 ## - CARRIER TYPE | |
| Carrier type term | volume |
| Carrier type code | nc |
| Source | rdacarrier |
| 490 1# - SERIES STATEMENT | |
| Series statement | Christian heritage rediscovered ; |
| Volume/sequential designation | 65 |
| 504 ## - BIBLIOGRAPHY, ETC. NOTE | |
| Bibliography, etc. note | Includes bibliographical references (pages 103-110). |
| 600 00 - SUBJECT ADDED ENTRY--PERSONAL NAME | |
| Personal name | Clement, |
| Titles and other words associated with a name | of Alexandria, Saint, |
| Dates associated with a name | approximately 150-approximately 215. |
| 650 #0 - SUBJECT ADDED ENTRY--TOPICAL TERM | |
| Topical term or geographic name entry element | Autarchy |
| General subdivision | Religious aspects |
| -- | Christianity. |
| 650 #0 - SUBJECT ADDED ENTRY--TOPICAL TERM | |
| Topical term or geographic name entry element | Economics |
| Geographic subdivision | India |
| -- | Philosophy. |
| 830 #0 - SERIES ADDED ENTRY--UNIFORM TITLE | |
| Uniform title | Christian heritage rediscovered ; |
| Volume/sequential designation | 65. |
| 906 ## - LOCAL DATA ELEMENT F, LDF (RLIN) | |
| a | 7 |
| b | cbc |
| c | copycat |
| d | 3 |
| e | ncip |
| f | 20 |
| g | y-gencatlg |
| 942 ## - ADDED ENTRY ELEMENTS (KOHA) | |
| Source of classification or shelving scheme | Dewey Decimal Classification |
| Koha item type | Books |
| Withdrawn status | Lost status | Source of classification or shelving scheme | Damaged status | Not for loan | Collection code | Home library | Current library | Date acquired | Cost, normal purchase price | Total Checkouts | Full call number | Barcode | Date last seen | Price effective from | Koha item type |
|---|---|---|---|---|---|---|---|---|---|---|---|---|---|---|---|
| Dewey Decimal Classification | Non-fiction | Harvest Mission College | Harvest Mission College | 23.09.2019 | 450.00 | 261.85 J65A | 009331 | 23.09.2019 | 23.09.2019 | Books |
